000
00258nam a22001097a 4500
008
170116b xxu||||| |||| 00| 0 eng d
020
_a
9781256562474
041
_a
eng
080
_a
618.2
245
_a
PEARSON CUSTOM FOR NURSING
_c
RAMONT, R.P
942
_2
udc
_c
BK
999
_c
2921
_d
2921